| 000 | 00539nam a2200217Ia 4500 | ||
|---|---|---|---|
| 005 | 20250425162102.0 | ||
| 008 | 250425s9999 xx 000 0 und d | ||
| 020 | _a047861731 | ||
| 041 | _aeng | ||
| 082 | _a621.402 | ||
| 100 | _aVAN WYLEN, GORDON J. | ||
| 245 | 0 | _aFUNDAMENTALS OF CLASSICAL THERMODYNAMICS | |
| 250 | _aS.E. | ||
| 260 |
_aEstados Unidos _bJOHN WILEY _c1986 |
||
| 260 | _aS.L. | ||
| 300 | _a749 | ||
| 650 | _aTERMODINAMICA | ||
| 650 | _aTERMODINAMICA-PROBLEMAS Y EJERCICIOS | ||
| 942 | _c01 | ||
| 010 | _a48689 | ||
| 999 |
_c222044 _d222044 |
||